000 00336 a2200133 4500
000 nam a22 7a 4500
100 _aइंदु सोनी
110 _aइंदु सोनी
245 _aयोग एवं खेल
250 _alatest edition
260 _bshivalik
_c2023
264 _bshivalik
_c2023
942 _cBK
999 _c396231
_d396231